Loading...
| Current Events | 1 | 0.00 | 0% | 0% | 0% |
| Fine Arts - Classical Music | 4 | 0.00 | 0% | 0% | 0% |
| Fine Arts - Other | 3 | 6.67 | 67% | 0% | 0% |
| Fine Arts - Painting and Sculpture | 6 | 8.33 | 83% | 0% | 0% |
| Geography | 2 | 10.00 | 100% | 0% | 0% |
| History - American | 6 | 10.00 | 83% | 17% | 0% |
| History - European | 5 | 14.00 | 100% | 40% | 0% |
| History - Other | 2 | 15.00 | 100% | 50% | 0% |
| History - World | 5 | 10.00 | 40% | 60% | 0% |
| Literature - American | 3 | 13.33 | 100% | 33% | 0% |
| Literature - British | 4 | 10.00 | 75% | 25% | 0% |
| Literature - European | 6 | 10.00 | 83% | 17% | 0% |
| Literature - World | 2 | 5.00 | 50% | 0% | 0% |
| Mythology | 5 | 14.00 | 100% | 40% | 0% |
| Other Academic | 1 | 0.00 | 0% | 0% | 0% |
| Philosophy | 3 | 13.33 | 100% | 33% | 0% |
| Pop Culture | 2 | 20.00 | 100% | 50% | 50% |
| Religion | 3 | 13.33 | 67% | 33% | 33% |
| Science - Biology | 4 | 7.50 | 75% | 0% | 0% |
| Science - Chemistry | 4 | 7.50 | 75% | 0% | 0% |
| Science - Other | 2 | 0.00 | 0% | 0% | 0% |
| Science - Physics | 6 | 6.67 | 67% | 0% | 0% |
| Social Science | 4 | 7.50 | 75% | 0% | 0% |